000 01237nam a2200349 a 4500
001 000115683
003 CHAP
005 20220329144544.0
008 190621s2018 mx |s| ||||||spa d
010 _a112144
011 _a113116
020 _a9786071205179
040 _cCHAP
090 _aCD-494
245 0 0 _aAgroforetería :
_h[Disco compacto]
_bpara la conservación de los recursos naturales y productividad /
_ccoordinado por María Edna Álvarez Sánchez y Antonio Vazquez Alarcón.
260 _aChapingo, Méx. :
_bUACH.,
_c2018.
300 _a1 CD ROM ;
_c4 3/4 plg.
590 _aE11695DGD
_b10
_c20190703
_lUCH01
_h1007
590 _aE5765TAJ
_b05
_c20190621
_lUCH01
_h1414
590 _aE5765TAJ
_b05
_c20190621
_lUCH01
_h1414
590 _aE5765TAJ
_b05
_c20190621
_lUCH01
_h1415
590 _aE5765TAJ
_b05
_c20190621
_lUCH01
_h1417
590 _aE5765TAJ
_b05
_c20190621
_lUCH01
_h1418
650 1 4 _aProductos agrícolas
_xAspectos ambientales.
_9136257
650 1 4 _aSistemas agroforestales.
_9106735
650 1 4 _aSistemas agrosilvopascícolas.
_9106737
700 0 _aAlvarez Sánchez, María Edna
_ecoord.
_94983
700 0 _aVázquez Alarcón, Antonio
_coord.
_9175659
901 _aBK
942 _cCD
942 _n0
999 _c112144
_d112144